[Event "Eastern Asia-ch U12 Girls"]
[Site "Tornelo INT"]
[Date "2021.10.22"]
[Round "1"]
[White "Hiya, Garg"]
[Black "Yousefian, Maedeh"]
[Result "0-1"]
[WhiteElo "1062"]
[BlackElo "1418"]
[PlyCount "130"]
[EventDate "2021.10.22"]
[EventType "swiss"]
[EventRounds "9"]
[EventCountry "NET"]
[SourceTitle "EXT 2023"]
[Source "ChessBase"]
[SourceDate "2022.10.05"]
[SourceVersion "1"]
[SourceVersionDate "2022.10.05"]
[SourceQuality "1"]

1. e4 e5 2. Nf3 Nf6 3. d4 Nxe4 4. Nxe5 d6 5. Nf3 d5 6. c4 c6 7. Be3 Bb4+ 8. Nbd2 0-0 9. Be2 Nd7 10. cxd5 cxd5 11. 0-0 Ndf6 12. Bd3 Bg4 13. Qb3 Bxd2 14. Nxd2 Nxd2 15. Bxd2 b6 16. Bg5 Be6 17. Rac1 h6 18. Bh4 Qe7 19. Bb1 g5 20. Bg3 Rfc8 21. Be5 Nd7 22. Rxc8+ Rxc8 23. Bg3 Nf8 24. f4 f5 25. fxg5 hxg5 26. Bxf5 Bxf5 27. Rxf5 Rc1+ 28. Rf1 Rxf1+ 29. Kxf1 Qf6+ 30. Bf2 Qf5 31. Qf3 Qb1+ 32. Be1 Qxa2 33. b3 Qa6+ 34. Kg1 Qb7 35. Qf6 Qg7 36. Qxg7+ Kxg7 37. h4 Ne6 38. hxg5 Kg6 39. Bc3 Kxg5 40. Kf2 Kg4 41. g3 Ng5 42. Kg2 Ne4 43. Be1 Ng5 44. Bd2 Ne6 45. Be3 Ng7 46. Bf4 Nf5 47. Be5 a5 48. Kf2 b5 49. Ke2 Nxg3+ 50. Bxg3 Kxg3 51. Kd3 Kf3 52. Kd2 Ke4 53. Kc3 b4+ 54. Kc2 Kxd4 55. Kd2 Ke4 56. Ke2 d4 57. Kd2 d3 58. Kd1 Kd4 59. Kd2 a4 60. bxa4 b3 61. Kc1 Kc3 62. a5 b2+ 63. Kb1 d2 64. a6 d1Q+ 65. Ka2 Qa1# 0-1